Palmyre : histoire et archéologie d'une cité caravanière à la croisée des cultures /
"La tragique actualité syrienne a ravivé le mythe de Palmyre. Il est devenu urgent de redécouvrir les grandeurs de cette cité gréco-romaine d'Orient aux confins des mondes romain et parthe, puis perse. Dans cette synthèse historique et archéologique inédite, Christiane Delplace, l'une...
المؤلف الرئيسي:
التنسيق: كتاب
اللغة: French
منشور في:
Paris :
CNRS éditions,
[2017].
سلاسل:
Esprit des lieux (CNRS éditions)
الموضوعات:
الوسوم: إضافة وسم
رقم الطلب: DS99 .P17 D45 2017
| LEADER | 01466nam a2200289Ia 4500 | ||
|---|---|---|---|
| 003 | OSt | ||
| 005 | 20260219085700.0 | ||
| 008 | 220401t20172017fr ab b 001 0 fre d | ||
| 020 | |a 9782271066282 | ||
| 040 | |c ARCE Library | ||
| 050 | 4 | |a DS99 .P17 D45 2017 | |
| 100 | 1 | |a Delplace, Christiane, |e author | |
| 245 | 1 | 0 | |a Palmyre : |b histoire et archéologie d'une cité caravanière à la croisée des cultures / |c Christiane Delplace. |
| 264 | 1 | |a Paris : |b CNRS éditions, |c [2017]. | |
| 264 | 4 | |c ©2017. | |
| 300 | |a 241 pages : |b illustrations (some color), maps ; |c 23 cm. | ||
| 490 | 0 | |a Esprit des lieux (CNRS éditions) | |
| 504 | |a Includes bibliographical references and index. | ||
| 520 | |a "La tragique actualité syrienne a ravivé le mythe de Palmyre. Il est devenu urgent de redécouvrir les grandeurs de cette cité gréco-romaine d'Orient aux confins des mondes romain et parthe, puis perse. Dans cette synthèse historique et archéologique inédite, Christiane Delplace, l'une des meilleures spécialistes du site, met des images sur les mots, fait resurgir les monuments, nous donne à voir l'histoire politique et culturelle."--Back cover. | ||
| 650 | 0 | |a Historic sites |z Syria |z Tadmur. | |
| 650 | 0 | |a Architecture, Ancient |z Syria |z Tadmur. | |
| 650 | 0 | |a Archaeology |z Syria |z Tadmur. | |
| 651 | 0 | |a Tadmur (Syria) |x Antiquities. | |
| 651 | 0 | |a Tadmur (Syria) |x History |y To 1500. | |
| 901 | |a reviewed | ||
| 942 | |2 lcc |c BK | ||
| 999 | |c 47058 |d 47058 | ||
